| 000 | 00950nac a22003131u 4500 | ||
|---|---|---|---|
| 003 | EG-ScBUE | ||
| 005 | 20220706095403.0 | ||
| 008 | 130108t2000 enkabc f 000 0 eng d | ||
| 020 | _a0194232050 | ||
| 020 | _a9780194232050 | ||
| 040 |
_aEG-ScBUE _beng _erda _cEG-ScBUE _dEG-ScBUE |
||
| 043 | _an-us-ca | ||
| 082 | 0 | 4 |
_a428.6 _bESC _222 |
| 100 | 1 |
_aEscott, John, _eauthor. _924031 |
|
| 245 | 1 | 0 |
_aCalifornia / _cJohn Escott. |
| 264 | 1 |
_aOxford : _bOxford University Press, _c[2000] |
|
| 264 | 4 | _cc2000 | |
| 300 |
_a22 pages : _billustrations (chiefly color), color maps, color portraits ; _c21 cm. |
||
| 336 |
_2rdacontent _atext _btxt |
||
| 337 |
_2rdamedia _aunmediated _bn |
||
| 338 |
_2rdacarrier _avolume _bnc |
||
| 490 | 0 | _aFact files | |
| 490 | 0 |
_aOxford book worms ; _v2 |
|
| 650 | 7 |
_aReaders _zCalifornia. _2BUEsh _931816 |
|
| 651 | _2BUEsh | ||
| 653 | _bHHUUEENN | ||
| 655 |
_vReading book _934232 |
||
| 942 |
_cBB _k428.6 ESC _2ddc |
||
| 999 |
_c2288 _d2288 |
||